<?xml version="1.0" encoding="UTF-8"?>
<collection xmlns="http://www.loc.gov/MARC21/slim">
<record>
  <controlfield tag="001">2788699</controlfield>
  <controlfield tag="005">20240304135017.0</controlfield>
  <datafield tag="024" ind1="8" ind2=" ">
    <subfield code="a">oai:cds.cern.ch:2788699</subfield>
    <subfield code="p">cerncds:FULLTEXT</subfield>
  </datafield>
  <datafield tag="037" ind1=" " ind2=" ">
    <subfield code="a">CERN-PHOTO-202110-162</subfield>
  </datafield>
  <datafield tag="100" ind1=" " ind2=" ">
    <subfield code="0">AUTHOR|(CDS)2094367</subfield>
    <subfield code="0">AUTHOR|(SzGeCERN)763679</subfield>
    <subfield code="a">Ordan, Julien Marius</subfield>
    <subfield code="m">julien.ordan@cern.ch</subfield>
  </datafield>
  <datafield tag="245" ind1=" " ind2=" ">
    <subfield code="a">Science Gateway's second tubular construction</subfield>
  </datafield>
  <datafield tag="260" ind1=" " ind2=" ">
    <subfield code="c">2021</subfield>
  </datafield>
  <datafield tag="269" ind1=" " ind2=" ">
    <subfield code="a">Geneva</subfield>
    <subfield code="b">CERN</subfield>
    <subfield code="c">2021-10-26</subfield>
  </datafield>
  <datafield tag="500" ind1=" " ind2=" ">
    <subfield code="a">General Photo</subfield>
  </datafield>
  <datafield tag="506" ind1=" " ind2=" ">
    <subfield code="a">public</subfield>
  </datafield>
  <datafield tag="520" ind1=" " ind2=" ">
    <subfield code="a">Science Gateway, CERN's future exhibition centre, is under construction. A bridge will be connecting the first and the second tubular structure, part of the Science Gateway architectural complex. The first tube structure was installed in August next to the Esplanade des Particules. The bridge will be erected 6 metres above the Route de Meyrin and its installation takes place between 25 October and 2 November.</subfield>
  </datafield>
  <datafield tag="542" ind1=" " ind2=" ">
    <subfield code="d">CERN</subfield>
    <subfield code="g">2021</subfield>
  </datafield>
  <datafield tag="595" ind1=" " ind2=" ">
    <subfield code="a">CERN EDS</subfield>
    <subfield code="s">PHOTOLAB</subfield>
  </datafield>
  <datafield tag="650" ind1="2" ind2="7">
    <subfield code="2">SzGeCERN</subfield>
    <subfield code="a">Industry and Technology</subfield>
  </datafield>
  <datafield tag="650" ind1="1" ind2="7">
    <subfield code="2">SzGeCERN</subfield>
    <subfield code="a">Photolab</subfield>
  </datafield>
  <datafield tag="690" ind1="C" ind2=" ">
    <subfield code="a">CERN</subfield>
  </datafield>
  <datafield tag="690" ind1="C" ind2=" ">
    <subfield code="a">PHOTO</subfield>
  </datafield>
  <datafield tag="856" ind1="4" ind2=" ">
    <subfield code="8">2330502</subfield>
    <subfield code="s">230466402</subfield>
    <subfield code="u">http://cds.cern.ch/record/2788699/files/202110-162_02.tif</subfield>
  </datafield>
  <datafield tag="856" ind1="4" ind2=" ">
    <subfield code="8">2330502</subfield>
    <subfield code="s">26713242</subfield>
    <subfield code="u">http://cds.cern.ch/record/2788699/files/202110-162_02.jpg</subfield>
  </datafield>
  <datafield tag="856" ind1="4" ind2=" ">
    <subfield code="8">2330503</subfield>
    <subfield code="s">211283378</subfield>
    <subfield code="u">http://cds.cern.ch/record/2788699/files/202110-162_03.tif</subfield>
  </datafield>
  <datafield tag="856" ind1="4" ind2=" ">
    <subfield code="8">2330503</subfield>
    <subfield code="s">27275041</subfield>
    <subfield code="u">http://cds.cern.ch/record/2788699/files/202110-162_03.jpg</subfield>
  </datafield>
  <datafield tag="856" ind1="4" ind2=" ">
    <subfield code="8">2330504</subfield>
    <subfield code="s">251867400</subfield>
    <subfield code="u">http://cds.cern.ch/record/2788699/files/202110-162_11.tif</subfield>
  </datafield>
  <datafield tag="856" ind1="4" ind2=" ">
    <subfield code="8">2330504</subfield>
    <subfield code="s">27700875</subfield>
    <subfield code="u">http://cds.cern.ch/record/2788699/files/202110-162_11.jpg</subfield>
  </datafield>
  <datafield tag="856" ind1="4" ind2=" ">
    <subfield code="8">2330505</subfield>
    <subfield code="s">237133172</subfield>
    <subfield code="u">http://cds.cern.ch/record/2788699/files/202110-162_23.tif</subfield>
  </datafield>
  <datafield tag="856" ind1="4" ind2=" ">
    <subfield code="8">2330505</subfield>
    <subfield code="s">28901305</subfield>
    <subfield code="u">http://cds.cern.ch/record/2788699/files/202110-162_23.jpg</subfield>
  </datafield>
  <datafield tag="856" ind1="4" ind2=" ">
    <subfield code="8">2330506</subfield>
    <subfield code="s">236386942</subfield>
    <subfield code="u">http://cds.cern.ch/record/2788699/files/202110-162_27.tif</subfield>
  </datafield>
  <datafield tag="856" ind1="4" ind2=" ">
    <subfield code="8">2330506</subfield>
    <subfield code="s">32769453</subfield>
    <subfield code="u">http://cds.cern.ch/record/2788699/files/202110-162_27.jpg</subfield>
  </datafield>
  <datafield tag="856" ind1="4" ind2=" ">
    <subfield code="8">2330507</subfield>
    <subfield code="s">211061690</subfield>
    <subfield code="u">http://cds.cern.ch/record/2788699/files/202110-162_48.tif</subfield>
  </datafield>
  <datafield tag="856" ind1="4" ind2=" ">
    <subfield code="8">2330507</subfield>
    <subfield code="s">28350607</subfield>
    <subfield code="u">http://cds.cern.ch/record/2788699/files/202110-162_48.jpg</subfield>
  </datafield>
  <datafield tag="856" ind1="4" ind2=" ">
    <subfield code="8">2330508</subfield>
    <subfield code="s">173649328</subfield>
    <subfield code="u">http://cds.cern.ch/record/2788699/files/202110-162_54.tif</subfield>
  </datafield>
  <datafield tag="856" ind1="4" ind2=" ">
    <subfield code="8">2330508</subfield>
    <subfield code="s">19559081</subfield>
    <subfield code="u">http://cds.cern.ch/record/2788699/files/202110-162_54.jpg</subfield>
  </datafield>
  <datafield tag="856" ind1="4" ind2=" ">
    <subfield code="8">2330509</subfield>
    <subfield code="s">23765166</subfield>
    <subfield code="u">http://cds.cern.ch/record/2788699/files/202110-162_082.jpg</subfield>
  </datafield>
  <datafield tag="856" ind1="4" ind2=" ">
    <subfield code="8">2330509</subfield>
    <subfield code="s">253344690</subfield>
    <subfield code="u">http://cds.cern.ch/record/2788699/files/202110-162_082.tif</subfield>
  </datafield>
  <datafield tag="856" ind1="4" ind2=" ">
    <subfield code="8">2330510</subfield>
    <subfield code="s">23293433</subfield>
    <subfield code="u">http://cds.cern.ch/record/2788699/files/202110-162_090.jpg</subfield>
  </datafield>
  <datafield tag="856" ind1="4" ind2=" ">
    <subfield code="8">2330510</subfield>
    <subfield code="s">236608602</subfield>
    <subfield code="u">http://cds.cern.ch/record/2788699/files/202110-162_090.tif</subfield>
  </datafield>
  <datafield tag="856" ind1="4" ind2=" ">
    <subfield code="8">2330511</subfield>
    <subfield code="s">204723734</subfield>
    <subfield code="u">http://cds.cern.ch/record/2788699/files/202110-162_093.tif</subfield>
  </datafield>
  <datafield tag="856" ind1="4" ind2=" ">
    <subfield code="8">2330511</subfield>
    <subfield code="s">23356829</subfield>
    <subfield code="u">http://cds.cern.ch/record/2788699/files/202110-162_093.jpg</subfield>
  </datafield>
  <datafield tag="856" ind1="4" ind2=" ">
    <subfield code="8">2330512</subfield>
    <subfield code="s">175136010</subfield>
    <subfield code="u">http://cds.cern.ch/record/2788699/files/202110-162_101.tif</subfield>
  </datafield>
  <datafield tag="856" ind1="4" ind2=" ">
    <subfield code="8">2330512</subfield>
    <subfield code="s">19163608</subfield>
    <subfield code="u">http://cds.cern.ch/record/2788699/files/202110-162_101.jpg</subfield>
  </datafield>
  <datafield tag="856" ind1="4" ind2=" ">
    <subfield code="8">2330513</subfield>
    <subfield code="s">211061690</subfield>
    <subfield code="u">http://cds.cern.ch/record/2788699/files/202110-162_107.tif</subfield>
  </datafield>
  <datafield tag="856" ind1="4" ind2=" ">
    <subfield code="8">2330513</subfield>
    <subfield code="s">26281694</subfield>
    <subfield code="u">http://cds.cern.ch/record/2788699/files/202110-162_107.jpg</subfield>
  </datafield>
  <datafield tag="856" ind1="4" ind2=" ">
    <subfield code="8">2330514</subfield>
    <subfield code="s">212404630</subfield>
    <subfield code="u">http://cds.cern.ch/record/2788699/files/202110-162_129.tif</subfield>
  </datafield>
  <datafield tag="856" ind1="4" ind2=" ">
    <subfield code="8">2330514</subfield>
    <subfield code="s">27829130</subfield>
    <subfield code="u">http://cds.cern.ch/record/2788699/files/202110-162_129.jpg</subfield>
  </datafield>
  <datafield tag="856" ind1="4" ind2=" ">
    <subfield code="8">2330515</subfield>
    <subfield code="s">226283390</subfield>
    <subfield code="u">http://cds.cern.ch/record/2788699/files/202110-162_142.tif</subfield>
  </datafield>
  <datafield tag="856" ind1="4" ind2=" ">
    <subfield code="8">2330515</subfield>
    <subfield code="s">24197504</subfield>
    <subfield code="u">http://cds.cern.ch/record/2788699/files/202110-162_142.jpg</subfield>
  </datafield>
  <datafield tag="856" ind1="4" ind2=" ">
    <subfield code="8">2330516</subfield>
    <subfield code="s">320099900</subfield>
    <subfield code="u">http://cds.cern.ch/record/2788699/files/202110-162_168.tif</subfield>
  </datafield>
  <datafield tag="856" ind1="4" ind2=" ">
    <subfield code="8">2330516</subfield>
    <subfield code="s">41193118</subfield>
    <subfield code="u">http://cds.cern.ch/record/2788699/files/202110-162_168.jpg</subfield>
  </datafield>
  <datafield tag="856" ind1="4" ind2=" ">
    <subfield code="8">2330517</subfield>
    <subfield code="s">280792524</subfield>
    <subfield code="u">http://cds.cern.ch/record/2788699/files/202110-162_170.tif</subfield>
  </datafield>
  <datafield tag="856" ind1="4" ind2=" ">
    <subfield code="8">2330517</subfield>
    <subfield code="s">36110094</subfield>
    <subfield code="u">http://cds.cern.ch/record/2788699/files/202110-162_170.jpg</subfield>
  </datafield>
  <datafield tag="856" ind1="4" ind2=" ">
    <subfield code="8">2330518</subfield>
    <subfield code="s">169223000</subfield>
    <subfield code="u">http://cds.cern.ch/record/2788699/files/202110-162_176.tif</subfield>
  </datafield>
  <datafield tag="856" ind1="4" ind2=" ">
    <subfield code="8">2330518</subfield>
    <subfield code="s">18063014</subfield>
    <subfield code="u">http://cds.cern.ch/record/2788699/files/202110-162_176.jpg</subfield>
  </datafield>
  <datafield tag="856" ind1="4" ind2=" ">
    <subfield code="8">2330519</subfield>
    <subfield code="s">284554704</subfield>
    <subfield code="u">http://cds.cern.ch/record/2788699/files/202110-162_178.tif</subfield>
  </datafield>
  <datafield tag="856" ind1="4" ind2=" ">
    <subfield code="8">2330519</subfield>
    <subfield code="s">34750113</subfield>
    <subfield code="u">http://cds.cern.ch/record/2788699/files/202110-162_178.jpg</subfield>
  </datafield>
  <datafield tag="856" ind1="4" ind2=" ">
    <subfield code="8">2330520</subfield>
    <subfield code="s">217801224</subfield>
    <subfield code="u">http://cds.cern.ch/record/2788699/files/202110-162_184.tif</subfield>
  </datafield>
  <datafield tag="856" ind1="4" ind2=" ">
    <subfield code="8">2330520</subfield>
    <subfield code="s">22215560</subfield>
    <subfield code="u">http://cds.cern.ch/record/2788699/files/202110-162_184.jpg</subfield>
  </datafield>
  <datafield tag="856" ind1="4" ind2=" ">
    <subfield code="8">2330521</subfield>
    <subfield code="s">269370444</subfield>
    <subfield code="u">http://cds.cern.ch/record/2788699/files/202110-162_197.tif</subfield>
  </datafield>
  <datafield tag="856" ind1="4" ind2=" ">
    <subfield code="8">2330521</subfield>
    <subfield code="s">30603513</subfield>
    <subfield code="u">http://cds.cern.ch/record/2788699/files/202110-162_197.jpg</subfield>
  </datafield>
  <datafield tag="856" ind1="4" ind2=" ">
    <subfield code="8">2330502</subfield>
    <subfield code="s">304429</subfield>
    <subfield code="u">http://cds.cern.ch/record/2788699/files/202110-162_02.jpg?subformat=icon-640</subfield>
    <subfield code="x">icon-640</subfield>
  </datafield>
  <datafield tag="856" ind1="4" ind2=" ">
    <subfield code="8">2330502</subfield>
    <subfield code="s">98679</subfield>
    <subfield code="u">http://cds.cern.ch/record/2788699/files/202110-162_02.jpg?subformat=icon-180</subfield>
    <subfield code="x">icon-180</subfield>
  </datafield>
  <datafield tag="856" ind1="4" ind2=" ">
    <subfield code="8">2330502</subfield>
    <subfield code="s">1044974</subfield>
    <subfield code="u">http://cds.cern.ch/record/2788699/files/202110-162_02.jpg?subformat=icon-1440</subfield>
    <subfield code="x">icon-1440</subfield>
  </datafield>
  <datafield tag="856" ind1="4" ind2=" ">
    <subfield code="8">2330503</subfield>
    <subfield code="s">1318478</subfield>
    <subfield code="u">http://cds.cern.ch/record/2788699/files/202110-162_03.jpg?subformat=icon-1440</subfield>
    <subfield code="x">icon-1440</subfield>
  </datafield>
  <datafield tag="856" ind1="4" ind2=" ">
    <subfield code="8">2330503</subfield>
    <subfield code="s">369399</subfield>
    <subfield code="u">http://cds.cern.ch/record/2788699/files/202110-162_03.jpg?subformat=icon-640</subfield>
    <subfield code="x">icon-640</subfield>
  </datafield>
  <datafield tag="856" ind1="4" ind2=" ">
    <subfield code="8">2330503</subfield>
    <subfield code="s">103979</subfield>
    <subfield code="u">http://cds.cern.ch/record/2788699/files/202110-162_03.jpg?subformat=icon-180</subfield>
    <subfield code="x">icon-180</subfield>
  </datafield>
  <datafield tag="856" ind1="4" ind2=" ">
    <subfield code="8">2330504</subfield>
    <subfield code="s">326972</subfield>
    <subfield code="u">http://cds.cern.ch/record/2788699/files/202110-162_11.jpg?subformat=icon-640</subfield>
    <subfield code="x">icon-640</subfield>
  </datafield>
  <datafield tag="856" ind1="4" ind2=" ">
    <subfield code="8">2330504</subfield>
    <subfield code="s">101543</subfield>
    <subfield code="u">http://cds.cern.ch/record/2788699/files/202110-162_11.jpg?subformat=icon-180</subfield>
    <subfield code="x">icon-180</subfield>
  </datafield>
  <datafield tag="856" ind1="4" ind2=" ">
    <subfield code="8">2330504</subfield>
    <subfield code="s">1048471</subfield>
    <subfield code="u">http://cds.cern.ch/record/2788699/files/202110-162_11.jpg?subformat=icon-1440</subfield>
    <subfield code="x">icon-1440</subfield>
  </datafield>
  <datafield tag="856" ind1="4" ind2=" ">
    <subfield code="8">2330505</subfield>
    <subfield code="s">1233725</subfield>
    <subfield code="u">http://cds.cern.ch/record/2788699/files/202110-162_23.jpg?subformat=icon-1440</subfield>
    <subfield code="x">icon-1440</subfield>
  </datafield>
  <datafield tag="856" ind1="4" ind2=" ">
    <subfield code="8">2330505</subfield>
    <subfield code="s">369245</subfield>
    <subfield code="u">http://cds.cern.ch/record/2788699/files/202110-162_23.jpg?subformat=icon-640</subfield>
    <subfield code="x">icon-640</subfield>
  </datafield>
  <datafield tag="856" ind1="4" ind2=" ">
    <subfield code="8">2330505</subfield>
    <subfield code="s">106771</subfield>
    <subfield code="u">http://cds.cern.ch/record/2788699/files/202110-162_23.jpg?subformat=icon-180</subfield>
    <subfield code="x">icon-180</subfield>
  </datafield>
  <datafield tag="856" ind1="4" ind2=" ">
    <subfield code="8">2330506</subfield>
    <subfield code="s">1187206</subfield>
    <subfield code="u">http://cds.cern.ch/record/2788699/files/202110-162_27.jpg?subformat=icon-1440</subfield>
    <subfield code="x">icon-1440</subfield>
  </datafield>
  <datafield tag="856" ind1="4" ind2=" ">
    <subfield code="8">2330506</subfield>
    <subfield code="s">375818</subfield>
    <subfield code="u">http://cds.cern.ch/record/2788699/files/202110-162_27.jpg?subformat=icon-640</subfield>
    <subfield code="x">icon-640</subfield>
  </datafield>
  <datafield tag="856" ind1="4" ind2=" ">
    <subfield code="8">2330506</subfield>
    <subfield code="s">107338</subfield>
    <subfield code="u">http://cds.cern.ch/record/2788699/files/202110-162_27.jpg?subformat=icon-180</subfield>
    <subfield code="x">icon-180</subfield>
  </datafield>
  <datafield tag="856" ind1="4" ind2=" ">
    <subfield code="8">2330507</subfield>
    <subfield code="s">1151297</subfield>
    <subfield code="u">http://cds.cern.ch/record/2788699/files/202110-162_48.jpg?subformat=icon-1440</subfield>
    <subfield code="x">icon-1440</subfield>
  </datafield>
  <datafield tag="856" ind1="4" ind2=" ">
    <subfield code="8">2330507</subfield>
    <subfield code="s">359026</subfield>
    <subfield code="u">http://cds.cern.ch/record/2788699/files/202110-162_48.jpg?subformat=icon-640</subfield>
    <subfield code="x">icon-640</subfield>
  </datafield>
  <datafield tag="856" ind1="4" ind2=" ">
    <subfield code="8">2330507</subfield>
    <subfield code="s">107652</subfield>
    <subfield code="u">http://cds.cern.ch/record/2788699/files/202110-162_48.jpg?subformat=icon-180</subfield>
    <subfield code="x">icon-180</subfield>
  </datafield>
  <datafield tag="856" ind1="4" ind2=" ">
    <subfield code="8">2330508</subfield>
    <subfield code="s">1300985</subfield>
    <subfield code="u">http://cds.cern.ch/record/2788699/files/202110-162_54.jpg?subformat=icon-1440</subfield>
    <subfield code="x">icon-1440</subfield>
  </datafield>
  <datafield tag="856" ind1="4" ind2=" ">
    <subfield code="8">2330508</subfield>
    <subfield code="s">387269</subfield>
    <subfield code="u">http://cds.cern.ch/record/2788699/files/202110-162_54.jpg?subformat=icon-640</subfield>
    <subfield code="x">icon-640</subfield>
  </datafield>
  <datafield tag="856" ind1="4" ind2=" ">
    <subfield code="8">2330508</subfield>
    <subfield code="s">112230</subfield>
    <subfield code="u">http://cds.cern.ch/record/2788699/files/202110-162_54.jpg?subformat=icon-180</subfield>
    <subfield code="x">icon-180</subfield>
  </datafield>
  <datafield tag="856" ind1="4" ind2=" ">
    <subfield code="8">2330509</subfield>
    <subfield code="s">273012</subfield>
    <subfield code="u">http://cds.cern.ch/record/2788699/files/202110-162_082.jpg?subformat=icon-640</subfield>
    <subfield code="x">icon-640</subfield>
  </datafield>
  <datafield tag="856" ind1="4" ind2=" ">
    <subfield code="8">2330509</subfield>
    <subfield code="s">99402</subfield>
    <subfield code="u">http://cds.cern.ch/record/2788699/files/202110-162_082.jpg?subformat=icon-180</subfield>
    <subfield code="x">icon-180</subfield>
  </datafield>
  <datafield tag="856" ind1="4" ind2=" ">
    <subfield code="8">2330509</subfield>
    <subfield code="s">774879</subfield>
    <subfield code="u">http://cds.cern.ch/record/2788699/files/202110-162_082.jpg?subformat=icon-1440</subfield>
    <subfield code="x">icon-1440</subfield>
  </datafield>
  <datafield tag="856" ind1="4" ind2=" ">
    <subfield code="8">2330510</subfield>
    <subfield code="s">295937</subfield>
    <subfield code="u">http://cds.cern.ch/record/2788699/files/202110-162_090.jpg?subformat=icon-640</subfield>
    <subfield code="x">icon-640</subfield>
  </datafield>
  <datafield tag="856" ind1="4" ind2=" ">
    <subfield code="8">2330510</subfield>
    <subfield code="s">99850</subfield>
    <subfield code="u">http://cds.cern.ch/record/2788699/files/202110-162_090.jpg?subformat=icon-180</subfield>
    <subfield code="x">icon-180</subfield>
  </datafield>
  <datafield tag="856" ind1="4" ind2=" ">
    <subfield code="8">2330510</subfield>
    <subfield code="s">932992</subfield>
    <subfield code="u">http://cds.cern.ch/record/2788699/files/202110-162_090.jpg?subformat=icon-1440</subfield>
    <subfield code="x">icon-1440</subfield>
  </datafield>
  <datafield tag="856" ind1="4" ind2=" ">
    <subfield code="8">2330511</subfield>
    <subfield code="s">328193</subfield>
    <subfield code="u">http://cds.cern.ch/record/2788699/files/202110-162_093.jpg?subformat=icon-640</subfield>
    <subfield code="x">icon-640</subfield>
  </datafield>
  <datafield tag="856" ind1="4" ind2=" ">
    <subfield code="8">2330511</subfield>
    <subfield code="s">102992</subfield>
    <subfield code="u">http://cds.cern.ch/record/2788699/files/202110-162_093.jpg?subformat=icon-180</subfield>
    <subfield code="x">icon-180</subfield>
  </datafield>
  <datafield tag="856" ind1="4" ind2=" ">
    <subfield code="8">2330511</subfield>
    <subfield code="s">1100004</subfield>
    <subfield code="u">http://cds.cern.ch/record/2788699/files/202110-162_093.jpg?subformat=icon-1440</subfield>
    <subfield code="x">icon-1440</subfield>
  </datafield>
  <datafield tag="856" ind1="4" ind2=" ">
    <subfield code="8">2330512</subfield>
    <subfield code="s">1279597</subfield>
    <subfield code="u">http://cds.cern.ch/record/2788699/files/202110-162_101.jpg?subformat=icon-1440</subfield>
    <subfield code="x">icon-1440</subfield>
  </datafield>
  <datafield tag="856" ind1="4" ind2=" ">
    <subfield code="8">2330512</subfield>
    <subfield code="s">370711</subfield>
    <subfield code="u">http://cds.cern.ch/record/2788699/files/202110-162_101.jpg?subformat=icon-640</subfield>
    <subfield code="x">icon-640</subfield>
  </datafield>
  <datafield tag="856" ind1="4" ind2=" ">
    <subfield code="8">2330512</subfield>
    <subfield code="s">108923</subfield>
    <subfield code="u">http://cds.cern.ch/record/2788699/files/202110-162_101.jpg?subformat=icon-180</subfield>
    <subfield code="x">icon-180</subfield>
  </datafield>
  <datafield tag="856" ind1="4" ind2=" ">
    <subfield code="8">2330513</subfield>
    <subfield code="s">1184090</subfield>
    <subfield code="u">http://cds.cern.ch/record/2788699/files/202110-162_107.jpg?subformat=icon-1440</subfield>
    <subfield code="x">icon-1440</subfield>
  </datafield>
  <datafield tag="856" ind1="4" ind2=" ">
    <subfield code="8">2330513</subfield>
    <subfield code="s">353958</subfield>
    <subfield code="u">http://cds.cern.ch/record/2788699/files/202110-162_107.jpg?subformat=icon-640</subfield>
    <subfield code="x">icon-640</subfield>
  </datafield>
  <datafield tag="856" ind1="4" ind2=" ">
    <subfield code="8">2330513</subfield>
    <subfield code="s">106564</subfield>
    <subfield code="u">http://cds.cern.ch/record/2788699/files/202110-162_107.jpg?subformat=icon-180</subfield>
    <subfield code="x">icon-180</subfield>
  </datafield>
  <datafield tag="856" ind1="4" ind2=" ">
    <subfield code="8">2330514</subfield>
    <subfield code="s">353916</subfield>
    <subfield code="u">http://cds.cern.ch/record/2788699/files/202110-162_129.jpg?subformat=icon-640</subfield>
    <subfield code="x">icon-640</subfield>
  </datafield>
  <datafield tag="856" ind1="4" ind2=" ">
    <subfield code="8">2330514</subfield>
    <subfield code="s">107286</subfield>
    <subfield code="u">http://cds.cern.ch/record/2788699/files/202110-162_129.jpg?subformat=icon-180</subfield>
    <subfield code="x">icon-180</subfield>
  </datafield>
  <datafield tag="856" ind1="4" ind2=" ">
    <subfield code="8">2330514</subfield>
    <subfield code="s">1173784</subfield>
    <subfield code="u">http://cds.cern.ch/record/2788699/files/202110-162_129.jpg?subformat=icon-1440</subfield>
    <subfield code="x">icon-1440</subfield>
  </datafield>
  <datafield tag="856" ind1="4" ind2=" ">
    <subfield code="8">2330515</subfield>
    <subfield code="s">334733</subfield>
    <subfield code="u">http://cds.cern.ch/record/2788699/files/202110-162_142.jpg?subformat=icon-640</subfield>
    <subfield code="x">icon-640</subfield>
  </datafield>
  <datafield tag="856" ind1="4" ind2=" ">
    <subfield code="8">2330515</subfield>
    <subfield code="s">105377</subfield>
    <subfield code="u">http://cds.cern.ch/record/2788699/files/202110-162_142.jpg?subformat=icon-180</subfield>
    <subfield code="x">icon-180</subfield>
  </datafield>
  <datafield tag="856" ind1="4" ind2=" ">
    <subfield code="8">2330515</subfield>
    <subfield code="s">1097294</subfield>
    <subfield code="u">http://cds.cern.ch/record/2788699/files/202110-162_142.jpg?subformat=icon-1440</subfield>
    <subfield code="x">icon-1440</subfield>
  </datafield>
  <datafield tag="856" ind1="4" ind2=" ">
    <subfield code="8">2330516</subfield>
    <subfield code="s">340155</subfield>
    <subfield code="u">http://cds.cern.ch/record/2788699/files/202110-162_168.jpg?subformat=icon-640</subfield>
    <subfield code="x">icon-640</subfield>
  </datafield>
  <datafield tag="856" ind1="4" ind2=" ">
    <subfield code="8">2330516</subfield>
    <subfield code="s">100769</subfield>
    <subfield code="u">http://cds.cern.ch/record/2788699/files/202110-162_168.jpg?subformat=icon-180</subfield>
    <subfield code="x">icon-180</subfield>
  </datafield>
  <datafield tag="856" ind1="4" ind2=" ">
    <subfield code="8">2330516</subfield>
    <subfield code="s">1183381</subfield>
    <subfield code="u">http://cds.cern.ch/record/2788699/files/202110-162_168.jpg?subformat=icon-1440</subfield>
    <subfield code="x">icon-1440</subfield>
  </datafield>
  <datafield tag="856" ind1="4" ind2=" ">
    <subfield code="8">2330517</subfield>
    <subfield code="s">2318032</subfield>
    <subfield code="u">http://cds.cern.ch/record/2788699/files/202110-162_170.jpg?subformat=icon-1440</subfield>
    <subfield code="x">icon-1440</subfield>
  </datafield>
  <datafield tag="856" ind1="4" ind2=" ">
    <subfield code="8">2330517</subfield>
    <subfield code="s">609166</subfield>
    <subfield code="u">http://cds.cern.ch/record/2788699/files/202110-162_170.jpg?subformat=icon-640</subfield>
    <subfield code="x">icon-640</subfield>
  </datafield>
  <datafield tag="856" ind1="4" ind2=" ">
    <subfield code="8">2330517</subfield>
    <subfield code="s">131248</subfield>
    <subfield code="u">http://cds.cern.ch/record/2788699/files/202110-162_170.jpg?subformat=icon-180</subfield>
    <subfield code="x">icon-180</subfield>
  </datafield>
  <datafield tag="856" ind1="4" ind2=" ">
    <subfield code="8">2330518</subfield>
    <subfield code="s">248176</subfield>
    <subfield code="u">http://cds.cern.ch/record/2788699/files/202110-162_176.jpg?subformat=icon-640</subfield>
    <subfield code="x">icon-640</subfield>
  </datafield>
  <datafield tag="856" ind1="4" ind2=" ">
    <subfield code="8">2330518</subfield>
    <subfield code="s">92876</subfield>
    <subfield code="u">http://cds.cern.ch/record/2788699/files/202110-162_176.jpg?subformat=icon-180</subfield>
    <subfield code="x">icon-180</subfield>
  </datafield>
  <datafield tag="856" ind1="4" ind2=" ">
    <subfield code="8">2330518</subfield>
    <subfield code="s">773685</subfield>
    <subfield code="u">http://cds.cern.ch/record/2788699/files/202110-162_176.jpg?subformat=icon-1440</subfield>
    <subfield code="x">icon-1440</subfield>
  </datafield>
  <datafield tag="856" ind1="4" ind2=" ">
    <subfield code="8">2330519</subfield>
    <subfield code="s">1253110</subfield>
    <subfield code="u">http://cds.cern.ch/record/2788699/files/202110-162_178.jpg?subformat=icon-1440</subfield>
    <subfield code="x">icon-1440</subfield>
  </datafield>
  <datafield tag="856" ind1="4" ind2=" ">
    <subfield code="8">2330519</subfield>
    <subfield code="s">358185</subfield>
    <subfield code="u">http://cds.cern.ch/record/2788699/files/202110-162_178.jpg?subformat=icon-640</subfield>
    <subfield code="x">icon-640</subfield>
  </datafield>
  <datafield tag="856" ind1="4" ind2=" ">
    <subfield code="8">2330519</subfield>
    <subfield code="s">103850</subfield>
    <subfield code="u">http://cds.cern.ch/record/2788699/files/202110-162_178.jpg?subformat=icon-180</subfield>
    <subfield code="x">icon-180</subfield>
  </datafield>
  <datafield tag="856" ind1="4" ind2=" ">
    <subfield code="8">2330520</subfield>
    <subfield code="s">282235</subfield>
    <subfield code="u">http://cds.cern.ch/record/2788699/files/202110-162_184.jpg?subformat=icon-640</subfield>
    <subfield code="x">icon-640</subfield>
  </datafield>
  <datafield tag="856" ind1="4" ind2=" ">
    <subfield code="8">2330520</subfield>
    <subfield code="s">99102</subfield>
    <subfield code="u">http://cds.cern.ch/record/2788699/files/202110-162_184.jpg?subformat=icon-180</subfield>
    <subfield code="x">icon-180</subfield>
  </datafield>
  <datafield tag="856" ind1="4" ind2=" ">
    <subfield code="8">2330520</subfield>
    <subfield code="s">864134</subfield>
    <subfield code="u">http://cds.cern.ch/record/2788699/files/202110-162_184.jpg?subformat=icon-1440</subfield>
    <subfield code="x">icon-1440</subfield>
  </datafield>
  <datafield tag="856" ind1="4" ind2=" ">
    <subfield code="8">2330521</subfield>
    <subfield code="s">244360</subfield>
    <subfield code="u">http://cds.cern.ch/record/2788699/files/202110-162_197.jpg?subformat=icon-640</subfield>
    <subfield code="x">icon-640</subfield>
  </datafield>
  <datafield tag="856" ind1="4" ind2=" ">
    <subfield code="8">2330521</subfield>
    <subfield code="s">97442</subfield>
    <subfield code="u">http://cds.cern.ch/record/2788699/files/202110-162_197.jpg?subformat=icon-180</subfield>
    <subfield code="x">icon-180</subfield>
  </datafield>
  <datafield tag="856" ind1="4" ind2=" ">
    <subfield code="8">2330521</subfield>
    <subfield code="s">741958</subfield>
    <subfield code="u">http://cds.cern.ch/record/2788699/files/202110-162_197.jpg?subformat=icon-1440</subfield>
    <subfield code="x">icon-1440</subfield>
  </datafield>
  <datafield tag="859" ind1=" " ind2=" ">
    <subfield code="f">julien.ordan@cern.ch</subfield>
  </datafield>
  <datafield tag="916" ind1=" " ind2=" ">
    <subfield code="s">n</subfield>
    <subfield code="w">202143</subfield>
  </datafield>
  <datafield tag="923" ind1=" " ind2=" ">
    <subfield code="p">CERN</subfield>
    <subfield code="r">&lt;></subfield>
  </datafield>
  <datafield tag="960" ind1=" " ind2=" ">
    <subfield code="a">86</subfield>
  </datafield>
  <datafield tag="963" ind1=" " ind2=" ">
    <subfield code="a">PUBLIC</subfield>
  </datafield>
  <datafield tag="963" ind1=" " ind2=" ">
    <subfield code="b">VISIBLE</subfield>
  </datafield>
  <datafield tag="980" ind1=" " ind2=" ">
    <subfield code="a">PHOTOLABCERN</subfield>
  </datafield>
</record>
</collection>